000 00843nam a2200229Ia 4500
003 OSt
005 20220923225514.0
006 a|||||r|||| 00| 0
007 ta
008 220922b |||||||| |||| 00| 0 hin d
024 _a269,595
037 _cTextual
040 _aARTS
_cARTS
_bhin
041 _2hin
_ahin
082 _aR694:g, 152M7
100 _aत्रिपाठी, गदाधर
245 0 _aबौद्धदर्शनेषु अनित्यतात्यतावादयो विकासो विमर्शशन
246 _aBauddhadarshaneṣhu anityatātyatāvādayo vikāso vimarshashana
260 _aगाजियाबाद
_b इण्डो विजन
_c1987
942 _hR694:g, 152M7
_cTEXL
_2CC
999 _c378675
_d378675